|
|
|
|
| LEADER |
00000nam0a2200000 4500 |
| 001 |
26013 |
| 005 |
20231101205716.0 |
| 035 |
|
|
|a (RuTPU)RU\TPU\book\26253
|
| 035 |
|
|
|a BOOK00000170
|
| 090 |
|
|
|a 26013
|
| 100 |
|
|
|a 20011209d1992 k y0rusy50 ca
|
| 101 |
0 |
|
|a rus
|
| 102 |
|
|
|a RU
|
| 105 |
|
|
|a y z 000zy
|
| 200 |
1 |
|
|a Минералогическая кристаллография, кристаллогенезис, кристаллосинтез
|f Российская академия наук (РАН), Уральское отделение (УрО), Коми научный центр (КомиНЦ)
|
| 210 |
|
|
|a Сыктывкар
|d 1992
|
| 215 |
|
|
|a 90 с.
|
| 225 |
1 |
|
|a Труды института геологии Коми НЦ УрО АН СССР
|v Вып. 77
|
| 225 |
1 |
|
|a Минералогический сборник
|v № 20
|
| 606 |
1 |
|
|a Кристаллография
|2 stltpush
|3 (RuTPU)RU\TPU\subj\16322
|9 42433
|
| 610 |
1 |
|
|a минералогия
|
| 610 |
1 |
|
|a кристаллогенезис
|
| 610 |
1 |
|
|a кристаллосинтез
|
| 610 |
1 |
|
|a формы
|
| 675 |
|
|
|a 548
|v 3
|
| 712 |
0 |
2 |
|a Российская академия наук (РАН)
|b Уральское отделение (УрО)
|b Коми научный центр (КомиНЦ)
|c (Сыктывкар)
|2 stltpush
|3 (RuTPU)RU\TPU\col\1724
|
| 801 |
|
0 |
|a RU
|b 63413507
|c 20011209
|g PSBO
|
| 801 |
|
2 |
|a RU
|b 63413507
|c 20200616
|g PSBO
|
| 942 |
|
|
|c BK
|